000 00514nam a2200181 a 4500
005 20140310183141.0
008 020718s19uu xx 00 eng d
020 _a0-333-79216-5
050 _aPN 187
_b.Si617 2001
100 _aSingelton, John
245 _aThe Creative writing workbook /
_cJohn Singleton.
260 _aHampshire :
_bPALGRAVE,
_cc2001.
300 _a261 p. :
_c23 cm.
500 _aIncludes bibliographical references
521 _aMC
650 _aCreative writing.
942 _cBK
_2lcc
_kFOR
999 _c19415
_d19415